KOHA-Header-6

Abnormal child psychology / (Record no. 13056)

000 -LEADER
fixed length control field 02068cam a22004697i 4500
001 - CONTROL NUMBER
control field 18078389
003 - CONTROL NUMBER IDENTIFIER
control field MAJU-Karachi
005 - DATE AND TIME OF LATEST TRANSACTION
control field 20210520091929.0
008 - FIXED-LENGTH DATA ELEMENTS--GENERAL INFORMATION
fixed length control field 140324s2016 maua b 001 0 eng d
010 ## - LIBRARY OF CONGRESS CONTROL NUMBER
LC control number 2014936450
020 ## - INTERNATIONAL STANDARD BOOK NUMBER
International Standard Book Number 9781305105423 (Student edition)
020 ## - INTERNATIONAL STANDARD BOOK NUMBER
International Standard Book Number 1305105427
035 ## - SYSTEM CONTROL NUMBER
System control number (OCoLC)ocn884617710
040 ## - CATALOGING SOURCE
Original cataloging agency YDXCP
Language of cataloging eng
Transcribing agency YDXCP
Description conventions rda
Modifying agency BTCTA
-- NUI
-- OCLCO
-- LGG
-- OHS
-- OCLCF
-- UNBCA
-- DLC
042 ## - AUTHENTICATION CODE
Authentication code lccopycat
050 00 - LIBRARY OF CONGRESS CALL NUMBER
Classification number RJ499
Item number .M296 2016
060 #4 - NATIONAL LIBRARY OF MEDICINE CALL NUMBER
Classification number WS 350
082 00 - DEWEY DECIMAL CLASSIFICATION NUMBER
Classification number 618.92/89
Edition number 23
100 1# - MAIN ENTRY--PERSONAL NAME
Personal name Mash, Eric J.,
Relator term author.
245 10 - TITLE STATEMENT
Title Abnormal child psychology /
Statement of responsibility, etc Eric J. Mash, Oregon Health & Science University and University of Calgary, David A. Wolfe, Centre for Addiction and Mental Health and University of Toronto.
250 ## - EDITION STATEMENT
Edition statement Sixth edition.
300 ## - PHYSICAL DESCRIPTION
Extent xxiii, 628 pages :
Other physical details illustrations (chiefly color) ;
Dimensions 29 cm.
504 ## - BIBLIOGRAPHY, ETC. NOTE
Bibliography, etc Includes bibliographical references (pages 517-597) and indexes.
505 0# - FORMATTED CONTENTS NOTE
Formatted contents note Understanding abnormal child psychology -- Neurodevelopmental disorders -- Behavioral and emotional disorders -- Problems related to physical and mental health.
650 #0 - SUBJECT ADDED ENTRY--TOPICAL TERM
Topical term or geographic name as entry element Child psychiatry.
650 #0 - SUBJECT ADDED ENTRY--TOPICAL TERM
Topical term or geographic name as entry element Child psychopathology.
650 #0 - SUBJECT ADDED ENTRY--TOPICAL TERM
Topical term or geographic name as entry element Psychology, Pathological.
650 #2 - SUBJECT ADDED ENTRY--TOPICAL TERM
Topical term or geographic name as entry element Psychology, Child.
650 #2 - SUBJECT ADDED ENTRY--TOPICAL TERM
Topical term or geographic name as entry element Psychopathology.
650 #2 - SUBJECT ADDED ENTRY--TOPICAL TERM
Topical term or geographic name as entry element Child Psychiatry.
650 #7 - SUBJECT ADDED ENTRY--TOPICAL TERM
Topical term or geographic name as entry element Child psychiatry.
Source of heading or term fast
650 #7 - SUBJECT ADDED ENTRY--TOPICAL TERM
Topical term or geographic name as entry element Child psychopathology.
Source of heading or term fast
650 #7 - SUBJECT ADDED ENTRY--TOPICAL TERM
Topical term or geographic name as entry element Psychology, Pathological.
Source of heading or term fast
700 1# - ADDED ENTRY--PERSONAL NAME
Personal name Wolfe, David A.
Fuller form of name (David Allen),
Dates associated with a name 1951-
Relator term author.
856 42 - ELECTRONIC LOCATION AND ACCESS
Materials specified Contributor biographical information
Uniform Resource Identifier <a href="http://www.loc.gov/catdir/enhancements/fy1608/2014936450-b.html">http://www.loc.gov/catdir/enhancements/fy1608/2014936450-b.html</a>
856 42 - ELECTRONIC LOCATION AND ACCESS
Materials specified Publisher description
Uniform Resource Identifier <a href="http://www.loc.gov/catdir/enhancements/fy1608/2014936450-d.html">http://www.loc.gov/catdir/enhancements/fy1608/2014936450-d.html</a>
856 41 - ELECTRONIC LOCATION AND ACCESS
Materials specified Table of contents only
Uniform Resource Identifier <a href="http://www.loc.gov/catdir/enhancements/fy1608/2014936450-t.html">http://www.loc.gov/catdir/enhancements/fy1608/2014936450-t.html</a>
906 ## - LOCAL DATA ELEMENT F, LDF (RLIN)
a 7
b cbc
c copycat
d 2
e ncip
f 20
g y-gencatlg
942 ## - ADDED ENTRY ELEMENTS (KOHA)
Source of classification or shelving scheme
Koha item type Psychology
Holdings
Withdrawn status Lost status Source of classification or shelving scheme Damaged status Not for loan Collection code Permanent Location Current Location Shelving location Date acquired Full call number Barcode Date last seen Price effective from Koha item type
&nbsp; &nbsp; &nbsp; &nbsp; &nbsp; Psychology MAJU MAJU Shelf No.B35 2021-05-20 618.92/89 10164 2021-05-20 2021-05-20 Psychology

Powered by Koha